Catálogo Biblioteca Central

La mujer en la diplomacia y otros artículos (Registro nro. 223407)

Detalles MARC
000 -CABECERA
campo de control de longitud fija 01617nam a2200277 i 4500
001 - NÚMERO DE CONTROL
campo de control 223407
003 - IDENTIFICADOR DEL NÚMERO DE CONTROL
campo de control ES-MaBCM
005 - FECHA Y HORA DE LA ÚLTIMA TRANSACCIÓN
campo de control 20230524100253.0
008 - CÓDIGOS DE INFORMACIÓN DE LONGITUD FIJA
campo de control de longitud fija 230119t2022 sp ||||| |||| 00| 0 spa d
017 ## - NÚMERO DE COPYRIGHT O DE DEPÓSITO LEGAL
Depósito legal SE.1541-2022
020 ## - NÚMERO INTERNACIONAL NORMALIZADO PARA LIBROS(ISBN)
Número Internacional Normalizado para Libros (ISBN) 978-84-19231-67-3
035 ## - NÚMERO DE CONTROL DEL SISTEMA
Número de control de sistema (OCoLC)1351506216
040 ## - FUENTE DE LA CATALOGACIÓN
Centro transcriptor ES-MaBCM
100 1# - PUNTO DE ACCESO PRINCIPAL - NOMBRE DE PERSONA
Nombre de persona Campoamor, Clara
9 (RLIN) 7784
245 13 - MENCIÓN DE TÍTULO
Título La mujer en la diplomacia y otros artículos
Mención de responsabilidad etc. Clara Campoamor ; prólogo de Concha Fagoaga
250 ## - MENCIÓN DE EDICIÓN
Mención de edición 2ª ed.
260 ## - PUBLICACIÓN, DISTRIBUCIÓN, ETC. (PIE DE IMPRENTA)
Lugar de publicación distribución etc. Sevilla :
Nombre del editor distribuidor etc. Renacimiento ,
Fecha de publicación distribución etc. 2022
300 ## - DESCRIPCIÓN FÍSICA
Extensión 188 p.
Dimensiones ; 16 cm
490 0# - MENCIÓN DE SERIE
Mención de serie El clavo ardiendo
Designación de volumen o secuencia 21
520 ## - SUMARIO, ETC.
Sumario etc. Clara Campoamor (Madrid, 1888-Lausanne, 1972) es sin duda una de las figuras más destacadas, pero de las menos reconocidas, de la historia de España del siglo XX. En 1931, su viva, insistente y no siempre bien comprendida campaña a favor del voto y los derechos de la mujer, tuvo una importancia decisiva. Durante su exilio de diez años en Buenos Aires se dedicó a la traducción literaria y colaboró con cierta asiduidad en periódicos y revistas. "La mujer en la diplomacia y otros artículos" recoge algunas de estas crónicas, de temas muy variados, desvelando una faceta un tanto desconocida de Clara Campoamor, pero siempre desde una perspectiva feminista y moderna. En nuestro otro sello, "Espuela de Plata", han aparecido sus impactantes memorias de la guerra civil: "La revolución española vista por una republicana".
650 #7 - PUNTO DE ACCESO ADICIONAL DE MATERIA--TÉRMINO DE MATERIA
Término de materia o nombre geográfico como elemento inicial Movimiento feminista
9 (RLIN) 58696
650 #7 - PUNTO DE ACCESO ADICIONAL DE MATERIA--TÉRMINO DE MATERIA
Término de materia o nombre geográfico como elemento inicial Pensamiento político
9 (RLIN) 59748
700 1# - PUNTO DE ACCESO ADICIONAL--NOMBRE DE PERSONA
9 (RLIN) 82362
Nombre de persona Fagoaga, Concha
908 ## - COLOCAR PARÁMETRO DE COMANDO (RLIN)
Colocar parámetro de comando OCL
942 ## - ELEMENTOS DE PUNTO DE ACCESO ADICIONAL (KOHA)
Tipo de ítem Koha Libros
Fuente del sistema de clasificación o colocación Universal Decimal Classification
Existencias
Estado de retiro Estado de pérdida Fuente del sistema de clasificación o colocación Estado dañado No para préstamo Localización permanente Ubicación/localización actual Ubicación en estantería Fecha de adquisición Fuente de adquisición Total de préstamos Signatura topográfica completa Código de barras Fecha visto por última vez Fecha del último préstamo Precio válido a partir de Tipo de ítem Koha
    Universal Decimal Classification     Biblioteca Central del Ministerio de la Presidencia Biblioteca Central del Ministerio de la Presidencia Sala 09/02/2023 Compra 1 62336 1075362 15/12/2023 23/11/2023 09/02/2023 Libros